Engineering materials 1 : an introduction to their properties and applications /

Wedi'i Gadw mewn:
Manylion Llyfryddiaeth
Prif Awdur: Ashby, Michael F.
Fformat: Llyfr
Iaith:English
Cyhoeddwyd: Oxford ; Boston : Butterworth-Heinemann, 1996.
Rhifyn:2nd ed.
Pynciau:
Tagiau: Ychwanegu Tag
Dim Tagiau, Byddwch y cyntaf i dagio'r cofnod hwn!
Thư viện lưu trữ: Mạng thư viện Đại học Đà Nẵng
LEADER 01109cam a2200349 i 4500
001 000046084
003 5353
005 20180117101739.0
008 010220b1996 vm 000 eng
020 |a 0750630817 
040 |a LRCC  |c LRCC  |d LRCC 
041 0 |a eng 
082 1 4 |a 620.11  |b AS-M 
100 1 |a Ashby, Michael F. 
245 0 0 |a Engineering materials 1 :  |b an introduction to their properties and applications /  |c Michael F. Ashby. 
250 |a 2nd ed. 
260 |a Oxford ; Boston :  |b Butterworth-Heinemann,  |c 1996. 
300 |a viii, 306p. 
630 0 4 |a Materials. 
650 0 4 |a Materials. 
OWN |a DUT 
AVA |a UDN50  |b DUT  |c Book  |d 620.11 AS-M  |e available  |t Error 5001 Not defined in file expand_doc_bib_avail.  |f 1  |g 0  |h N  |i 0  |j SH  |k 1 
999 |a From the UDN01 
AVA |a UDN50  |b DUT  |c Book  |d 620.11 AS-M  |e available  |t Error 5001 Not defined in file expand_doc_bib_avail.  |f 1  |g 0  |h N  |i 0  |j SH  |k 1 
TYP |a Monograph 
TYP |a Printed language 
980 |a Mạng thư viện Đại học Đà Nẵng